000 01095cam a2200373 i 4500
001 112430
005 20230410133041.0
008 130821b1996 enka 000 0 eng
020 _a9780753802045
041 0 _aeng
049 _aGRAL
050 1 4 _aBF 711
_bM684p 1996
082 0 0 _a128/.2
100 1 _aMithen, Steven J.
245 1 4 _aThe prehistory of the mind :
_ba search for the origins of art, religion, and science /
_cSteven J. Mithen
260 _aLondon :
_bPhoenix,
_c1996
300 _a357 p. :
_bill., maps ;
_c20 cm.
504 _aIncluye tabla de contenido
650 0 _aGenetic psychology.
650 0 _aCognition.
650 0 _aBrain
_xEvolution.
650 0 _aSocial evolution.
650 0 _aThought and thinking.
650 0 _aArt, Prehistoric.
650 0 _aLanguage and languages
_xOrigin.
650 4 _aInteligencia
_xHistoria.
650 4 _aPsicología evolutiva.
650 4 _aCiclo vital humano
_xHistoria.
650 4 _aArte
_xHistoria.
650 4 _aReligión
_xHistoria.
650 4 _aCiencia
_xHistoria.
942 _2lcc
_cbk
946 _aYSL
999 _c92451
_d92451